Responses for Show #2343 - Wednesday, November 9, 1994

1994 Celebrity Jeopardy! game 3.

Contestants

[<< previous game]

Lou Diamond Phillips, an actor from La Bamba and Stand and Deliver

Marilu Henner, an author and host of her own talk show from Marilu

Jason Alexander, a Tony Award winner from Jerome Robbins' Broadway and Seinfeld

[next game >>]

Jeopardy! Round responses

THE 1950s
BROADWAY MUSICAL STARS
MUSEUMS
MYTHOLOGY
SPORTS
IS THERE A DOCTOR IN THE HOUSE?
    $100 11
smoking

Lou
    $100 1
Carol Channing

Jason
    $100 14
Campbell's

Jason
    $100 6
Hercules

Lou
    $100 25
(Jason: Who is Ty Cobb?)

Babe Ruth

JasonLou
    $100 8
Egypt

Jason
    $200 21
Alaska & Hawaii

Marilu
    $200 2
Yul Brynner

Lou
    $200 15
Smithsonian

Lou
    $200 7
Midas

Jason
    $200 26
(1 of) Navratilova (or Chris Evert)

Jason
    $200 9
Surgeon General

Lou
    $300 22
(Juan) Peron

Marilu
    $300 3
Julie Andrews

Jason
    $300 19
Amelia Earhart

Jason
    $300 16
dog

Lou
    $300 28
[The end-of-round signal sounds.]

the Mighty Ducks

Lou
    $300 10
Heimlich

Marilu
    $400 23
Nautilus

Triple Stumper
    $400 4
1776

Jason
    $400 20
(Stephen) Foster

Lou
    $400 17
Helen (of Troy)

Lou
    $400 12
Walter Reed

Jason
    $800 24
(Marilu: Um...What is um...)
(Alex: Pick a country.)
(Marilu: Yes, I know. What is Persia?)

Jordan

Marilu
    $500 5
My Fair Lady

Lou
    $500 27
Istanbul

Triple Stumper
    $500 18
(Lou: ...Oy.)

Minotaur

JasonLou
    $500 13
Albert Schweitzer

Jason

Scores at the first commercial break (after clue 15):

Jason Marilu Lou
$2,100 $300 $1,300

Scores at the end of the Jeopardy! Round:

Jason Marilu Lou
$3,000 $0 $2,300

Double Jeopardy! Round responses

WORLD HISTORY
TELEVISION DRAMA
U.S. GEOGRAPHY
AMERICAN LITERATURE
ART & ARTISTS
NUCLEAR PHYSICS
    $200 24
Attila

Jason
    $200 1
Rod Serling

Lou
    $200 11
Utah

Lou
    $200 6
Edgar Allan Poe

Lou
    $200 20
(Lou: Who is Picasso?)

Leonardo da Vinci

JasonLou
    $400 15
Joan of Arc

Jason
    $400 2
Dustin Hoffman

Jason
    $400 7
Herman Melville

Marilu
    $400 19
Van Gogh

Lou
    $500 18
(Alex: $1,000 lead with a minute to go.)

Martin Luther

Lou
    $600 3
L.A. Law

Marilu
    $600 8
F. Scott Fitzgerald

Marilu
    $600 12
Pittsburgh

Lou
    $600 25
[The end-of-round signal sounds.]

uranium

Lou
    $800 16
Alexander

Lou
    $800 4
Marcus Welby

Jason
    $800 23
Columbia

Triple Stumper
    $1,000 9
(Marilu: [Interrupting Alex reading the clue] Can I change my wager?)
(Alex: No, you can't.)

Truman Capote

Marilu
    $800 13
Whistler

Lou
    $800 22
fusion

Jason
    $1000 17
(Lou: ...Doc! Who is... That's not gonna cut it though is it?)
(Alex: No, it isn't.)
[Laughter]
(Alex: Who is [*]?)
(Lou: Thank you, sir.)

François "Papa Doc" Duvalier

Lou
Triple Stumper
    $1000 5
Murder, She Wrote

Lou
    $1000 10
Robert Frost

Marilu
    $1000 14
Rembrandt

Triple Stumper
    $1000 21
(Jason: [Selecting the clue in an authoritative voice] Oh, NUCLEAR PHYSICS for $1000, please, Alex.)
[Laughter]
...
[Audience and Marilu plus Lou amused reaction]

core

Jason

Scores at the end of the Double Jeopardy! Round:

Jason Marilu Lou
$6,800 $3,600 $6,400

[wagering suggestions for these scores]

Final Jeopardy! Round responses

DECLARATION OF INDEPENDENCE
MariluWho is John Adams
$600
LouWho is John Adams
$5,000
JasonWho is John Adams?
$5,000
John Adams

Final scores:

Jason Marilu Lou
$11,800 $4,200 $11,400
Winner: $11,800 to Anti-Defamation League 3rd place: $10,000 to Scleroderma Research Foundation 2nd place: $11,400 to Oxfam International & El Rescate

Game dynamics:

Coryat scores:

Jason Marilu Lou
$6,800 $4,200 $6,500
18 R,
1 W
8 R
(including 1 DD),
1 W
(including 1 DD)
21 R
(including 1 DD),
3 W

Combined Coryat: $17,500

[game clues] [game scores] [suggest correction]

Game tape date: 1994-10-02
The J! Archive is created by fans, for fans. Scraping, republication, monetization, and malicious use prohibited; this site may use cookies and collect identifying information. See terms. The Jeopardy! game show and all elements thereof, including but not limited to copyright and trademark thereto, are the property of Jeopardy Productions, Inc. and are protected under law. This website is not affiliated with, sponsored by, or operated by Jeopardy Productions, Inc. Join the discussion at JBoard.tv.